North Carolina resource and industries

Gespeichert in:
Bibliographische Detailangaben
Format: Buch
Sprache:Englisch
Veröffentlicht: North Carolina Raleigh 1929
Tags: Tag hinzufügen
Keine Tags, Fügen Sie das erste Tag hinzu!

MARC

LEADER 00000nam a2200000 4500
001 0311984
005 20250901092918.6
041 0 |a eng 
044 |a US 
245 1 0 |a North Carolina  |b resource and industries 
264 1 |a North Carolina  |b Raleigh  |c 1929